<?xml version="1.0" encoding="UTF-8"?>
<record
    xmlns:xsi="http://www.w3.org/2001/XMLSchema-instance"
    xsi:schemaLocation="http://www.loc.gov/MARC21/slim http://www.loc.gov/standards/marcxml/schema/MARC21slim.xsd"
    xmlns="http://www.loc.gov/MARC21/slim">

  <leader>01366nam a22002417a 4500</leader>
  <controlfield tag="005">20150622162840.0</controlfield>
  <datafield tag="010" ind1=" " ind2=" ">
    <subfield code="a">HIN-105958-959</subfield>
  </datafield>
  <datafield tag="020" ind1=" " ind2=" ">
    <subfield code="a">9789332541450</subfield>
    <subfield code="c">1199.00</subfield>
  </datafield>
  <datafield tag="035" ind1=" " ind2=" ">
    <subfield code="a">HN-78304-305</subfield>
  </datafield>
  <datafield tag="037" ind1=" " ind2=" ">
    <subfield code="b">DBAD/PUB.</subfield>
  </datafield>
  <datafield tag="082" ind1=" " ind2=" ">
    <subfield code="a">000</subfield>
  </datafield>
  <datafield tag="100" ind1=" " ind2=" ">
    <subfield code="a">&#x925;&#x94C;&#x930;&#x94D;&#x92A;, &#x90F;&#x921;&#x917;&#x930; &#x914;&#x930; &#x925;&#x94C;&#x930;&#x94D;&#x92A;, &#x936;&#x94B;&#x935;&#x93F;&#x915; </subfield>
  </datafield>
  <datafield tag="245" ind1=" " ind2=" ">
    <subfield code="a">&#x92A;&#x93F;&#x92F;&#x930;&#x94D;&#x938;&#x928; &#x938;&#x93E;&#x92E;&#x93E;&#x928;&#x94D;&#x92F; &#x905;&#x927;&#x94D;&#x92F;&#x92F;&#x928; &#x92A;&#x947;&#x92A;&#x930; -1 &amp;11: 2015 &#x938;&#x902;&#x918; &#x932;&#x94B;&#x915;&#x938;&#x947;&#x935;&#x93E; &#x906;&#x92F;&#x94B;&#x917; &#x915;&#x940; &#x938;&#x93F;&#x935;&#x93F;&#x932; &#x938;&#x947;&#x935;&#x93E; &#x92A;&#x94D;&#x930;&#x93E;&#x925;&#x92E;&#x93F;&#x915; &#x92A;&#x930;&#x940;&#x915;&#x94D;&#x937;&#x93E; &#x939;&#x947;&#x924;&#x941; /</subfield>
    <subfield code="c">&#x90F;&#x921;&#x917;&#x930; &#x925;&#x94C;&#x930;&#x94D;&#x92A; &#x90F;&#x935;&#x902; &#x936;&#x94B;&#x935;&#x93F;&#x915; &#x925;&#x94C;&#x930;&#x94D;&#x92A;</subfield>
  </datafield>
  <datafield tag="246" ind1=" " ind2=" ">
    <subfield code="a">Pearson General Studies for the Civil Services Preliminary Examination</subfield>
    <subfield code="b">Edagar Thaurp evm Shovik Thaurp</subfield>
  </datafield>
  <datafield tag="260" ind1=" " ind2=" ">
    <subfield code="a">&#x928;&#x94B;&#x90F;&#x921;&#x93E;</subfield>
    <subfield code="b">&#x92A;&#x93F;&#x92F;&#x930;&#x94D;&#x938;&#x928; &#x90F;&#x91C;&#x941;&#x915;&#x947;&#x936;&#x928;</subfield>
    <subfield code="c">2015 </subfield>
  </datafield>
  <datafield tag="270" ind1=" " ind2=" ">
    <subfield code="a">7&#x935;&#x940;&#x902; &#x92E;&#x91C;&#x93F;&#x902;&#x932;, &#x928;&#x949;&#x932;&#x947;&#x91C; &#x92C;&#x941;&#x932;&#x935;&#x93E;&#x930;&#x94D;&#x921;, &#x90F;- (8) &#x90F;,  &#x938;&#x948;&#x915;&#x94D;&#x91F;&#x930;-62</subfield>
    <subfield code="b">&#x928;&#x94B;&#x90F;&#x921;&#x93E;</subfield>
    <subfield code="e">201309</subfield>
  </datafield>
  <datafield tag="300" ind1=" " ind2=" ">
    <subfield code="a">&#x926;&#x94B; &#x92A;&#x947;&#x92A;&#x930; (&#x935;&#x93F;.&#x92A;&#x943;; &#x935;&#x93F;.&#x92A;&#x943;)</subfield>
    <subfield code="c">25 &#x938;&#x947;.&#x92E;&#x940; (&#x905;&#x91C;&#x93F;&#x932;&#x94D;&#x926;)</subfield>
  </datafield>
  <datafield tag="505" ind1=" " ind2=" ">
    <subfield code="a">&#x92A;&#x947;&#x92A;&#x930;- 1 &#x90F;&#x935;&#x902; &#x92A;&#x947;&#x92A;&#x930;- 11</subfield>
  </datafield>
  <datafield tag="650" ind1=" " ind2=" ">
    <subfield code="a">&#x938;&#x93E;&#x92E;&#x93E;&#x928;&#x94D;&#x92F; &#x91C;&#x94D;&#x91E;&#x93E;&#x928;</subfield>
  </datafield>
  <datafield tag="650" ind1=" " ind2=" ">
    <subfield code="a">General knowlege</subfield>
  </datafield>
  <datafield tag="700" ind1=" " ind2=" ">
    <subfield code="a">&#x925;&#x94C;&#x930;&#x94D;&#x92A;, &#x936;&#x94B;&#x935;&#x93F;&#x915;</subfield>
    <subfield code="9">18606</subfield>
  </datafield>
  <datafield tag="942" ind1=" " ind2=" ">
    <subfield code="2">ddc</subfield>
    <subfield code="c">HN</subfield>
    <subfield code="h">000</subfield>
    <subfield code="m">&#x925;&#x94C;&#x930;&#x94D;&#x92A;&#x90F;</subfield>
  </datafield>
  <datafield tag="999" ind1=" " ind2=" ">
    <subfield code="c">94456</subfield>
    <subfield code="d">94456</subfield>
  </datafield>
</record>
